00561nam a2200193Ia 4500003000400000008004100004020001300045040000800058100001900066245003900085260004100124300001200165901002000177902001500197903001600212942001200228952011000240999001700350LDD181029s9999 xx 000 0 und d a74517074 cLDD aKachhava, C. M 0aSolid state physicscC. M Kachhava aNew DelhibTata Mc Graw - Hillc1990 aix, 223 a219b05-02-1996 b16-02-1996 aDiscount-10 2ddccBK 00102ddc4070945464aLDDbLDDl1o530.41 K113Sp028787r2022-07-28s2019-09-12w2018-11-01yBKzIssued c45465d45465